000 00435nam a2200193Ia 4500
005 20251020182600.0
008 200515s9999 xx 000 0 und d
082 _aSC/331.823/E92/G
110 _aHerrero Hermanos
245 0 _aSeguridad Industrial
260 _aMéxico D.F.
260 _c1975
300 _a118
650 _aCOLOR
650 _aILUMINACION
650 _aLIB
650 _aSEGURIDAD INDUSTRIAL
942 _cLIB
999 _c3013
_d3013